Relaciones Internacionales /
Guardat en:
| Autor corporatiu: | |
|---|---|
| Format: | Llibre |
| Idioma: | Spanish |
| Publicat: |
México,
UNAM
|
| Matèries: | |
| Etiquetes: |
Afegir etiqueta
Sense etiquetes, Sigues el primer a etiquetar aquest registre!
|
MARC
| LEADER | 00000nam a22000007a 4500 | ||
|---|---|---|---|
| 003 | cru CIDCACS/IIS | ||
| 005 | 20200325105403.0 | ||
| 008 | 200325n mx |||||r|||||||| ||spa|d | ||
| 999 | |c 43022 |d 43022 | ||
| 022 | |a 01850814 | ||
| 040 | |c cru CIDCACS/IIS | ||
| 090 | |a REV0839 | ||
| 110 | 2 | |9 4472 |a Universidad Nacional Autónoma de México, UNAM | |
| 245 | 1 | |a Relaciones Internacionales / |c Facultad de Ciencias Políticas y Sociales. Centro de Relaciones Internacionales | |
| 260 | |a México, |b UNAM | ||
| 270 | |a Ciudad Universitaria | ||
| 500 | |a EXISTENCIAS: 1973 1 (1-2) 1975-1978 3-6 (1-20) 1979 7 (21-27) 1980, 1982 8, 10 (28-31) 1986 14 (35-37) 1990 (49) trimestral | ||
| 650 | 4 | |9 2646 |a RELACIONES INTERNACIONALES | |
| 650 | 0 | |9 64 |a CAPITALISMO | |
| 650 | 0 | |9 71 |a DESARROLLO ECONOMICO Y SOCIAL | |
| 650 | 0 | |9 370 |a POLITICA EXTERIOR | |
| 942 | |2 ddc |c PP | ||
